Computer concepts 2014 : (Record no. 33273)

MARC details
000 -LEADER
fixed length control field 01342cam a22003977i 4500
005 - DATE AND TIME OF LATEST TRANSACTION
control field 20230818114754.0
008 - FIXED-LENGTH DATA ELEMENTS--GENERAL INFORMATION
fixed length control field 150112s2014 maua 001 0 eng d
010 ## - LIBRARY OF CONGRESS CONTROL NUMBER
LC control number 2012923696
020 ## - INTERNATIONAL STANDARD BOOK NUMBER
ISBN 9781285096926 (pbk.)
020 ## - INTERNATIONAL STANDARD BOOK NUMBER
ISBN 1285096924 (pbk.)
035 ## - SYSTEM CONTROL NUMBER
System control number (OCoLC)ocn843353241
040 ## - CATALOGING SOURCE
Original cataloging agency SISPL
Language of cataloging eng
Description conventions rda
Transcribing agency SISPL
Modifying agency OCLCO
-- KUWAI
-- OCLCF
-- CSG
-- BWX
-- DLC
042 ## - AUTHENTICATION CODE
Authentication code lccopycat
082 ## - DEWEY DECIMAL CLASSIFICATION NUMBER
Classification number 004.756
Item number PAR-C
100 1# - MAIN ENTRY--AUTHOR
Author Name Parsons, June Jamrich,
245 10 - TITLE STATEMENT
Title Computer concepts 2014 :
Remainder of title comprehensive /
Statement of responsibility, etc. June Jamrich Parsons, Dan Oja.
260 ## - PUBLICATION, DISTRIBUTION, ETC.
Place of Publication USA:
Name of publisher, distributor, etc. Cengage,
Date of publication, distribution, etc. 2014
300 ## - PHYSICAL DESCRIPTION
Pages xxiv, [43], 811 pages :
336 ## - CONTENT TYPE
Content type term text
Content type code txt
Source rdacontent
336 ## - CONTENT TYPE
Content type term text
Content type code txt
Source rdacontent
337 ## - MEDIA TYPE
Media type term unmediated
Media type code n
Source rdamedia
337 ## - MEDIA TYPE
Media type term unmediated
Media type code n
Source rdamedia
338 ## - CARRIER TYPE
Carrier type term volume
Carrier type code nc
Source rdacarrier
338 ## - CARRIER TYPE
Carrier type term volume
Carrier type code nc
Source rdacarrier
490 0# - SERIES STATEMENT
Series Statement New perspectives
500 ## - GENERAL NOTE
General note Includes index.
650 #0 - SUBJECT ADDED ENTRY--TOPICAL TERM
Subject / Department Computers.
650 #0 - SUBJECT ADDED ENTRY--TOPICAL TERM
Subject / Department Electronic digital computers.
650 #0 - SUBJECT ADDED ENTRY--TOPICAL TERM
Subject / Department Electronic data processing.
700 1# - ADDED ENTRY--PERSONAL NAME
Personal name Oja, Dan,
246 3# - VARYING FORM OF TITLE
Title proper/short title New perspectives computer concepts 2014
264 #1 - PRODUCTION, PUBLICATION, DISTRIBUTION, MANUFACTURE, AND COPYRIGHT NOTICE
Place of production, publication, distribution, manufacture Boston, MA :
Name of producer, publisher, distributor, manufacturer Course Technology,
Date of production, publication, distribution, manufacture, or copyright notice [2014]
300 ## - PHYSICAL DESCRIPTION
-- color illustrations ;
-- 28 cm.
906 ## - LOCAL DATA ELEMENT F, LDF (RLIN)
a 7
b cbc
c copycat
d 2
e ncip
f 20
g y-gencatlg
952 ## - LOCATION AND ITEM INFORMATION (KOHA)
-- 0
-- 0
Holdings
Lost status Damaged status Permanent Location Current Location Shelving Location Date acquired Full Call Number Accession No./Barcode Date last seen item type
    Superior Information Resource Center (SIRC) Superior University- Gold Campus Superior Information Resource Center (SIRC) Superior University- Gold Campus Computer Science 08/18/2023 004.756 PAR-C 2014 19658 10/18/2023 BOOK

Powered by Koha